| 000 | 00630nam a22001817a 4500 | ||
|---|---|---|---|
| 005 | 20260415100226.0 | ||
| 008 | 260415b |||||||| |||| 00| 0 eng d | ||
| 020 | _a(pbk) | ||
| 040 | _cUE-CL | ||
| 082 |
_a956.94 _bG344 |
||
| 100 | _aGhilan, Maxim | ||
| 245 |
_aHow israel lost its soul _b/ Maxim Ghilan |
||
| 260 |
_aAustralia: _bPenguin Books, _c1974. |
||
| 300 | _a290 p. | ||
| 505 | _a1. The only Democracy in the middle east 2. The foundation of Zionism 3. Araqb nationalism in palestine before 1920 4. The stillbirth of palestine, 1920-39 5. Jewish liberation movement up to 1942 | ||
| 546 | _aEnglish | ||
| 942 | _cBK | ||
| 999 |
_c26046 _d26045 |
||